000 01176nam a22003977a 4500
003 DO-SdBPM
005 20260114101829.0
007 ta
008 180205b1998 sp a | 00| 0 spa d
015 _a
017 _a
_b
020 _a8408361112
035 _a
040 _aDO-SdBPM
_bspa
_cBPMSU
_e1998
080 _a
080 _a
082 4 _aR616.024
_bC199re 1998
_222
100 1 _aCamps, Ángels
_eautora
_4aut.
245 1 4 _aRemedios de la abuela :
_b para la niñez y la adolescencia /
_c Ángels Camps ; ilustraciones Núria Armengol
_h
250 _a
264 _aBarcelona :
_bEditorial Planeta,
_c1998.
300 _a69 páginas :
_bilustraciones, ;
_c26 cm.
336 _atexto
_btxt
_2rdaconten
337 _asin mediación
_bn
_2rdamedia
338 _avolumen
_bnc
_2rdacarrier
490 1 _a
_v
590 _aInventariado, 2026/VM
650 4 _aPlantas medicinales
_2
650 4 _aBotánica médica
650 4 _aMateria médica vegetal
650 4 _aPlantas medicinales
_vCatálogo
700 1 _aArmengol, Núria
_eilustraciones
830 0 _a
_v
910 _aVMateo V. Control de caldiad. BPMSU
942 _2ddc
_cBK
999 _c15599
_d15599